Statistics for Top Countries for Shark Attacks

Click here to take the quiz!

General Stats

  • This quiz has been taken 38,106 times
    (37,103 since last reset)
  • The average score is 7 of 11

Answer Stats

#Country% Correct
1576United States
99%
682Australia
96%
41Mexico
87%
56New Zealand
86%
110Brazil
84%
258South Africa
77%
78
France
40%
23Fiji
37%
48Papua New Guinea
37%
33Bahamas
35%
23Iran
11%

Score Distribution

Percentile by Number Answered

Percent of People with Each Score

Your Score History

You have not taken this quiz since the last reset